| 000 | 00582nam a22001817a 4500 | ||
|---|---|---|---|
| 005 | 20171220153611.0 | ||
| 010 | _aENG-121935 | ||
| 020 |
_c650.00 _a9788183298230 |
||
| 035 | _aEN-105467 | ||
| 037 | _bDBAD/PUB | ||
| 082 | _a658.872 | ||
| 100 | _aSoni, Rameshwar | ||
| 245 |
_aOnline Marketing : _cby Rameshwar Soni _bIssues and challenges / |
||
| 260 |
_aNew Delhi _bShree Publishers & Distributors _c2017 |
||
| 270 |
_a22/4735 Prakash Deep Building, Ansari Road,Darya Ganj,New Delhi _e110002 |
||
| 300 |
_a152p. _c24cm(hb.) |
||
| 942 |
_2ddc _cEN _h658.872 _mSON |
||
| 999 |
_c148122 _d148122 |
||